| 000 | 00452nam a2200157Ia 4500 | ||
|---|---|---|---|
| 008 | 220214s9999 xx 000 0 und d | ||
| 100 | _aJi-lin Wu | ||
| 245 | 0 | _aSeasonal changes of cambial activity and phloem development in Hevea brasiliensis | |
| 260 |
_bActa Botanica Sinica _c1986 |
||
| 300 | _a156-160 | ||
| 650 | _aCambial activity | ||
| 650 | _aHevea brasiliensis | ||
| 650 | _aPhloem development | ||
| 700 | _aBing-zhong Hao | ||
| 942 | _cRE | ||
| 999 |
_c45366 _d45366 |
||